[Event "Elancourt op"]
[Site "Elancourt"]
[Date "2010.04.26"]
[Round "2"]
[White "Bedouin, Xavier"]
[Black "Lechifflart, Alain"]
[Result "1-0"]
[WhiteElo "2375"]
[BlackElo "2002"]
[PlyCount "81"]
[EventDate "2010.04.25"]
[EventType "swiss"]
[EventRounds "9"]
[EventCountry "FRA"]
[SourceTitle "CBM 136 Extra"]
[Source "ChessBase"]
[SourceDate "2010.07.02"]
[SourceVersion "2"]
[SourceVersionDate "2010.07.15"]
[SourceQuality "1"]

1. e4 e5 2. Nf3 Nc6 3. Bb5 a6 4. Bxc6 dxc6 5. 0-0 Ne7 6. Nxe5 Qd4 7. Qh5 g6 8. Qg5 Bg7 9. Nd3 f5 10. e5 Qg4 11. f4 Qxg5 12. fxg5 f4 13. Nxf4 Bxe5 14. d3 0-0 15. Nc3 Bd4+ 16. Kh1 Nd5 17. Bd2 Ne3 18. Bxe3 Bxe3 19. g3 Bg4 20. Kg2 Rae8 21. Rae1 Bd4 22. Rxe8 Rxe8 23. Ne4 Rf8 24. c3 Bg7 25. Nc5 Re8 26. Rf2 Bc8 27. Re2 Rxe2+ 28. Nxe2 b6 29. Ne4 Be6 30. a3 Bd5 31. Nf4 Kf7 32. Kf2 a5 33. Ke3 b5 34. d4 a4 35. Nd3 h6 36. Kf4 Ke7 37. Ne5 Bxe5+ 38. Kxe5 Bxe4 39. gxh6 g5 40. Kxe4 Kf6 41. h7 1-0

[Event "Saint Quentin op 4th"]
[Site "Saint Quentin"]
[Date "2001.04.21"]
[Round "8.16"]
[White "Djingarova, Emilia"]
[Black "Lechifflart, Alain"]
[Result "1-0"]
[WhiteElo "2235"]
[BlackElo "1970"]
[PlyCount "77"]
[EventDate "2001.04.15"]
[EventType "swiss"]
[EventRounds "9"]
[EventCountry "FRA"]
[SourceTitle "EXT 2002"]
[Source "ChessBase"]
[SourceDate "2001.11.25"]
[SourceVersion "1"]
[SourceVersionDate "2001.11.25"]
[SourceQuality "1"]

1. e4 c5 2. Nf3 Nc6 3. d4 cxd4 4. Nxd4 Nf6 5. Nc3 e5 6. Ndb5 d6 7. Nd5 Nxd5 8. exd5 Nb8 9. Be3 f5 10. f4 a6 11. Nc3 Nd7 12. Be2 Be7 13. 0-0 0-0 14. Kh1 g5 15. fxg5 Bxg5 16. Bxg5 Qxg5 17. Rf3 Kh8 18. Qc1 Qe7 19. Qh6 Nf6 20. Raf1 f4 21. Qh4 Nxd5 22. Qxe7 Nxe7 23. Rd3 Nf5 24. Bf3 Ne3 25. Rf2 Rd8 26. Be4 Rb8 27. g3 fxg3 28. hxg3 Ng4 29. Rf7 h5 30. Rdf3 Be6 31. Rh7+ Kg8 32. Rxh5 d5 33. Bf5 Bxf5 34. Rfxf5 Ne3 35. Rxe5 d4 36. Ne4 Nxc2 37. Rhg5+ Kf7 38. Rgf5+ Kg8 39. Rf4 1-0

[Event "Saint Quentin op 4th"]
[Site "Saint Quentin"]
[Date "2001.04.18"]
[Round "5.29"]
[White "Lechifflart, Alain"]
[Black "Merly, Johann"]
[Result "1/2-1/2"]
[WhiteElo "1970"]
[BlackElo "1730"]
[PlyCount "79"]
[EventDate "2001.04.15"]
[EventType "swiss"]
[EventRounds "9"]
[EventCountry "FRA"]
[SourceTitle "EXT 2002"]
[Source "ChessBase"]
[SourceDate "2001.11.25"]
[SourceVersion "1"]
[SourceVersionDate "2001.11.25"]
[SourceQuality "1"]

1. d4 d5 2. Nf3 Nf6 3. c4 e6 4. Nc3 Be7 5. Bg5 0-0 6. e3 b6 7. cxd5 Nxd5 8. Bxe7 Qxe7 9. Rc1 Bb7 10. Bd3 Rc8 11. 0-0 Nd7 12. Bb1 N7f6 13. Ne5 Nxc3 14. Rxc3 Nd5 15. Rc1 Qg5 16. Qf3 f5 17. a3 Rab8 18. g3 c5 19. e4 Nf6 20. Qb3 Re8 21. f4 Qh5 22. dxc5 bxc5 23. Qa4 Bxe4 24. Bxe4 Nxe4 25. Rc2 g5 26. Qxa7 Rbd8 27. b4 Rd1 28. Qa6 Rxf1+ 29. Qxf1 cxb4 30. axb4 Rd8 31. Nd3 Qe8 32. Nc5 Qc6 33. Qc1 Qb6 34. fxg5 Qxb4 35. Nxe4 Qxe4 36. Rc8 Qd4+ 37. Kg2 Qe4+ 38. Kg1 Qd4+ 39. Kg2 Qe4+ 40. Kg1 1/2-1/2